000 00863nam a2200193 4500
001 2091
005 20181127164535.0
010 0 0 _a
020 0 0 _a
110 _aDepartment of Revenue and Customs, Ministry of Finance, Royal Government of Bhutan.
_b
_c
_d
_e
_n
_p
245 0 0 _aRules on the Sales Tax, Customs and Excise Act of the Kingdom of Bhutan, 2000 /
_b
_cDepartment of Revenue and Customs, Ministry of Finance, Royal Government of Bhutan.
_h
250 0 0 _a
260 0 0 _a[Thimphu] :
_bDepartment of Revenue and Customs, Ministry of Finance, Royal Government of Bhutan,
_c2000.
300 0 0 _a128 p.
500 0 0 _aElectronic copy available on RTC Cloud in "Library" folder
650 0 0 _aCustoms administration --Law and legislation --Bhutan.
_x
650 0 0 _aExcise tax --Law and legislation --Bhutan.
_x
650 0 0 _aSales tax --Law and legislation --Bhutan.
_x
999 _c1639
_d1639